[Event "Grand Swiss "]
[Date "2025.09.04"]
[White "Sadhwani, Raunak"]
[Black "Moussard, Jules"]
[WhiteElo "2658"]
[BlackElo "2591"]
[Round "1.1.40"]
[Result "1/2-1/2"]

1. e4 {[%clk 01:40:58] [%emt 00:00:02]} e5 {[%clk 01:40:51] [%emt 00:00:10]} 2.
Nf3 {[%clk 01:41:22] [%emt 00:00:06]} Nf6 {[%clk 01:41:16] [%emt 00:00:04]} 3.
d4 {[%clk 01:41:34] [%emt 00:00:18]} Nxe4 {[%clk 01:41:18] [%emt 00:00:28]} 4.
Bd3 {[%clk 01:41:59] [%emt 00:00:05]} d5 {[%clk 01:41:15] [%emt 00:00:33]} 5.
Nxe5 {[%clk 01:41:49] [%emt 00:00:40]} Nd7 {[%clk 01:41:28] [%emt 00:00:17]} 6.
Nxd7 {[%clk 01:42:05] [%emt 00:00:14]} Bxd7 {[%clk 01:41:45] [%emt 00:00:13]} 7.
O-O {[%clk 01:42:25] [%emt 00:00:10]} Bd6 {[%clk 01:41:13] [%emt 00:01:03]} 8.
Nc3 {[%clk 01:42:40] [%emt 00:00:14]} Nxc3 {[%clk 01:40:09] [%emt 00:01:34]} 9.
bxc3 {[%clk 01:43:05] [%emt 00:00:06]} O-O {[%clk 01:40:00] [%emt 00:00:38]} 10.
Qh5 {[%clk 01:43:25] [%emt 00:00:10]} f5 {[%clk 01:40:13] [%emt 00:00:17]} 11.
Re1 {[%clk 01:39:54] [%emt 00:04:01]} Qf6 {[%clk 01:20:02] [%emt 00:20:42]} 12.
Qf3 {[%clk 01:36:09] [%emt 00:04:14]} Kh8 {[%clk 01:02:23] [%emt 00:18:09]} 13.
Bf4 {[%clk 01:31:03] [%emt 00:05:35]} Rae8 {[%clk 00:57:47] [%emt 00:05:07]} 14.
Rab1 {[%clk 01:23:44] [%emt 00:07:50]} g6 {[%clk 00:17:01] [%emt 00:41:16]} 15.
g3 {[%clk 01:09:52] [%emt 00:14:21]} Bc6 {[%clk 00:16:05] [%emt 00:01:27]} 16.
h4 {[%clk 01:10:14] [%emt 00:00:07]} Bxf4 {[%clk 00:10:59] [%emt 00:05:37]} 17.
Qxf4 {[%clk 01:10:34] [%emt 00:00:10]} Re7 {[%clk 00:10:13] [%emt 00:01:16]} 18.
Re5 {[%clk 01:09:48] [%emt 00:01:15]} Rxe5 {[%clk 00:09:23] [%emt 00:01:21]} 19.
dxe5 {[%clk 01:06:26] [%emt 00:03:52]} Qe6 {[%clk 00:09:50] [%emt 00:00:03]} 20.
Re1 {[%clk 01:03:44] [%emt 00:03:11]} Kg7 {[%clk 00:09:59] [%emt 00:00:22]} 21.
Bf1 {[%clk 00:59:25] [%emt 00:04:48]} b6 {[%clk 00:07:24] [%emt 00:03:06]} 22.
Bg2 {[%clk 00:57:23] [%emt 00:02:32]} Bb5 {[%clk 00:07:05] [%emt 00:00:49]} 23.
a4 {[%clk 00:57:33] [%emt 00:00:20]} Bc4 {[%clk 00:06:58] [%emt 00:00:36]} 24.
h5 {[%clk 00:57:52] [%emt 00:00:11]} Rf7 {[%clk 00:04:58] [%emt 00:02:30]} 25.
Bf3 {[%clk 00:56:03] [%emt 00:02:18]} Kf8 {[%clk 00:04:35] [%emt 00:00:54]} 26.
Kg2 {[%clk 00:52:46] [%emt 00:03:47]} Ke8 {[%clk 00:04:50] [%emt 00:00:15]} 27.
a5 {[%clk 00:51:26] [%emt 00:01:51]} Re7 {[%clk 00:04:49] [%emt 00:00:30]} 28.
axb6 {[%clk 00:51:39] [%emt 00:00:17]} cxb6 {[%clk 00:05:00] [%emt 00:00:19]}
29. g4 {[%clk 00:41:08] [%emt 00:11:00]} a5 {[%clk 00:04:35] [%emt 00:00:56]}
30. gxf5 {[%clk 00:40:19] [%emt 00:01:20]} gxf5 {[%clk 00:04:44] [%emt
00:00:22]} 31. Kh2 {[%clk 00:39:20] [%emt 00:01:28]} 1/2-1/2

[Site "Europe Echecs"]

[Event "Grand Swiss "]
[Date "2025.09.04"]
[White "Narayanan S L"]
[Black "Grischuk, Alexander"]
[WhiteElo "2591"]
[BlackElo "2657"]
[Round "1.1.41"]
[Result "1/2-1/2"]

1. Nf3 {[%clk 01:40:56] [%emt 00:00:03]} c5 {[%clk 01:38:20] [%emt 00:02:41]} 2.
c4 {[%clk 01:41:11] [%emt 00:00:15]} Nf6 {[%clk 01:38:14] [%emt 00:00:35]} 3.
Nc3 {[%clk 01:41:30] [%emt 00:00:11]} Nc6 {[%clk 01:38:25] [%emt 00:00:20]} 4.
g3 {[%clk 01:41:39] [%emt 00:00:21]} d5 {[%clk 01:37:09] [%emt 00:01:45]} 5.
cxd5 {[%clk 01:42:01] [%emt 00:00:09]} Nxd5 {[%clk 01:37:35] [%emt 00:00:04]} 6.
Bg2 {[%clk 01:42:24] [%emt 00:00:06]} Nc7 {[%clk 01:36:40] [%emt 00:01:26]} 7.
a3 {[%clk 01:40:38] [%emt 00:02:16]} e6 {[%clk 01:35:30] [%emt 00:01:40]} 8. O-O
{[%clk 01:32:32] [%emt 00:08:36]} Be7 {[%clk 01:34:52] [%emt 00:01:08]} 9. e3
{[%clk 01:14:53] [%emt 00:18:08]} O-O {[%clk 01:32:11] [%emt 00:03:12]} 10. d4
{[%clk 01:14:53] [%emt 00:00:30]} cxd4 {[%clk 01:31:00] [%emt 00:01:41]} 11.
Nxd4 {[%clk 01:07:22] [%emt 00:08:00]} Bd7 {[%clk 01:26:50] [%emt 00:04:40]} 12.
Nxc6 {[%clk 01:06:58] [%emt 00:00:54]} Bxc6 {[%clk 01:23:56] [%emt 00:03:24]}
13. Bxc6 {[%clk 01:06:31] [%emt 00:00:58]} bxc6 {[%clk 01:24:06] [%emt
00:00:20]} 14. Qc2 {[%clk 00:55:01] [%emt 00:11:59]} Nd5 {[%clk 01:18:27] [%emt
00:06:09]} 15. Rd1 {[%clk 00:53:37] [%emt 00:01:54]} Qc8 {[%clk 01:16:58] [%emt
00:01:59]} 16. Bd2 {[%clk 00:51:06] [%emt 00:03:01]} Qb7 {[%clk 01:14:42] [%emt
00:02:46]} 17. Rac1 {[%clk 00:48:58] [%emt 00:02:38]} Rfc8 {[%clk 01:11:10]
[%emt 00:04:03]} 18. Na4 {[%clk 00:35:12] [%emt 00:14:15]} c5 {[%clk 01:09:35]
[%emt 00:02:05]} 19. e4 {[%clk 00:34:57] [%emt 00:00:46]} Nb6 {[%clk 01:00:15]
[%emt 00:09:50]} 20. Bc3 {[%clk 00:32:46] [%emt 00:02:40]} h6 {[%clk 00:58:58]
[%emt 00:01:48]} 21. h4 {[%clk 00:29:56] [%emt 00:03:20]} Qc6 {[%clk 00:53:55]
[%emt 00:05:33]} 22. Nxb6 {[%clk 00:30:23] [%emt 00:00:03]} axb6 {[%clk
00:54:20] [%emt 00:00:04]} 23. Qd3 {[%clk 00:28:26] [%emt 00:02:26]} Rd8 {[%clk
00:51:05] [%emt 00:03:46]} 24. Qe2 {[%clk 00:28:54] [%emt 00:00:03]} b5 {[%clk
00:50:50] [%emt 00:00:44]} 25. Qg4 {[%clk 00:28:03] [%emt 00:01:20]} Rxd1+
{[%clk 00:41:27] [%emt 00:09:55]} 26. Rxd1 {[%clk 00:28:28] [%emt 00:00:05]} Bf8
{[%clk 00:41:54] [%emt 00:00:03]} 27. Be5 {[%clk 00:22:48] [%emt 00:06:09]} b4
{[%clk 00:39:20] [%emt 00:03:05]} 28. axb4 {[%clk 00:23:07] [%emt 00:00:12]}
cxb4 {[%clk 00:39:45] [%emt 00:00:04]} 29. Qe2 {[%clk 00:23:01] [%emt 00:00:35]}
Rc8 {[%clk 00:33:16] [%emt 00:07:00]} 30. b3 {[%clk 00:21:51] [%emt 00:01:40]}
Qb7 {[%clk 00:28:21] [%emt 00:05:26]} 1/2-1/2

[Site "Europe Echecs"]

[Event "Grand Swiss "]
[Date "2025.09.04"]
[White "Saric, Ivan"]
[Black "Warmerdam, Max"]
[WhiteElo "2655"]
[BlackElo "2591"]
[Round "1.1.42"]
[Result "1/2-1/2"]

1. e4 {[%clk 01:40:58] [%emt 00:00:01]} e5 {[%clk 01:40:54] [%emt 00:00:06]} 2.
Nf3 {[%clk 01:41:23] [%emt 00:00:04]} Nc6 {[%clk 01:41:18] [%emt 00:00:05]} 3.
Bb5 {[%clk 01:41:39] [%emt 00:00:15]} a6 {[%clk 01:41:42] [%emt 00:00:07]} 4.
Ba4 {[%clk 01:42:05] [%emt 00:00:04]} Nf6 {[%clk 01:42:07] [%emt 00:00:05]} 5.
O-O {[%clk 01:42:29] [%emt 00:00:06]} d6 {[%clk 01:42:32] [%emt 00:00:04]} 6.
Re1 {[%clk 01:42:13] [%emt 00:00:47]} b5 {[%clk 01:42:57] [%emt 00:00:05]} 7.
Bb3 {[%clk 01:42:40] [%emt 00:00:04]} Be7 {[%clk 01:43:21] [%emt 00:00:05]} 8.
c3 {[%clk 01:42:35] [%emt 00:00:35]} O-O {[%clk 01:43:43] [%emt 00:00:07]} 9. h3
{[%clk 01:42:56] [%emt 00:00:10]} h6 {[%clk 01:43:36] [%emt 00:00:37]} 10. d4
{[%clk 01:43:07] [%emt 00:00:20]} Re8 {[%clk 01:43:56] [%emt 00:00:09]} 11. Nbd2
{[%clk 01:42:49] [%emt 00:00:49]} Bd7 {[%clk 01:43:48] [%emt 00:00:38]} 12. Nf1
{[%clk 01:39:54] [%emt 00:03:25]} a5 {[%clk 01:42:55] [%emt 00:01:24]} 13. a4
{[%clk 01:30:03] [%emt 00:10:21]} bxa4 {[%clk 01:43:06] [%emt 00:00:18]} 14.
Bxa4 {[%clk 01:30:21] [%emt 00:00:13]} exd4 {[%clk 01:43:11] [%emt 00:00:25]}
15. Nxd4 {[%clk 01:26:27] [%emt 00:04:24]} Nxd4 {[%clk 01:38:28] [%emt
00:05:13]} 16. cxd4 {[%clk 01:24:23] [%emt 00:02:34]} d5 {[%clk 01:25:39] [%emt
00:13:19]} 17. e5 {[%clk 01:23:20] [%emt 00:01:34]} Ne4 {[%clk 01:24:03] [%emt
00:02:05]} 18. Bc2 {[%clk 01:08:56] [%emt 00:14:54]} Bb4 {[%clk 00:59:54] [%emt
00:24:38]} 19. Nd2 {[%clk 01:02:56] [%emt 00:06:31]} Bf5 {[%clk 00:37:15] [%emt
00:23:09]} 20. Re2 {[%clk 00:38:29] [%emt 00:24:57]} Qh4 {[%clk 00:26:28] [%emt
00:11:16]} 21. Nxe4 {[%clk 00:28:50] [%emt 00:10:10]} dxe4 {[%clk 00:24:54]
[%emt 00:02:04]} 22. g4 {[%clk 00:20:49] [%emt 00:08:31]} Bxg4 {[%clk 00:14:59]
[%emt 00:10:24]} 23. hxg4 {[%clk 00:21:15] [%emt 00:00:05]} Qxg4+ {[%clk
00:15:22] [%emt 00:00:07]} 24. Kh2 {[%clk 00:20:51] [%emt 00:00:54]} Qh5+ {[%clk
00:14:53] [%emt 00:00:59]} 25. Kg1 {[%clk 00:18:58] [%emt 00:02:24]} Qg4+ {[%clk
00:15:10] [%emt 00:00:13]} 26. Kh2 {[%clk 00:19:23] [%emt 00:00:05]} Qh5+ {[%clk
00:15:15] [%emt 00:00:25]} 27. Kg1 {[%clk 00:19:47] [%emt 00:00:06]} Qg4+ {[%clk
00:15:39] [%emt 00:00:06]} 28. Kh2 {[%emt 00:00:33]} Qh5+ 1/2-1/2

[Site "Europe Echecs"]

[Event "Grand Swiss "]
[Date "2025.09.04"]
[White "Gumularz, Szymon"]
[Black "Sargsyan, Shant"]
[WhiteElo "2590"]
[BlackElo "2653"]
[Round "1.1.43"]
[Result "1/2-1/2"]

1. c4 {[%clk 01:40:47] [%emt 00:00:12]} e5 {[%clk 01:39:31] [%emt 00:01:30]} 2.
g3 {[%clk 01:41:07] [%emt 00:00:10]} c6 {[%clk 01:39:39] [%emt 00:00:22]} 3. Nf3
{[%clk 01:41:27] [%emt 00:00:10]} e4 {[%clk 01:39:52] [%emt 00:00:18]} 4. Nd4
{[%clk 01:41:49] [%emt 00:00:07]} d5 {[%clk 01:40:01] [%emt 00:00:21]} 5. d3
{[%clk 01:42:09] [%emt 00:00:10]} Bc5 {[%clk 01:39:44] [%emt 00:00:47]} 6. dxe4
{[%clk 01:38:08] [%emt 00:04:31]} dxe4 {[%clk 01:34:50] [%emt 00:05:24]} 7. Be3
{[%clk 01:37:58] [%emt 00:00:39]} Nf6 {[%clk 01:33:26] [%emt 00:01:54]} 8. Nc3
{[%clk 01:38:16] [%emt 00:00:12]} Qe7 {[%clk 01:29:15] [%emt 00:04:40]} 9. h3
{[%clk 01:38:35] [%emt 00:00:11]} O-O {[%clk 01:28:01] [%emt 00:01:44]} 10. Qc2
{[%clk 01:38:57] [%emt 00:00:08]} Na6 {[%clk 01:23:11] [%emt 00:05:22]} 11. Bg2
{[%clk 01:38:46] [%emt 00:00:41]} Rd8 {[%clk 01:07:18] [%emt 00:16:23]} 12. Rd1
{[%clk 01:38:37] [%emt 00:00:38]} Qe5 {[%clk 01:04:38] [%emt 00:03:10]} 13. Bf4
{[%clk 01:31:00] [%emt 00:08:08]} Qe7 {[%clk 01:04:23] [%emt 00:00:46]} 14. Nb3
{[%clk 01:14:12] [%emt 00:17:17]} Rxd1+ {[%clk 01:04:04] [%emt 00:00:49]} 15.
Qxd1 {[%clk 01:11:35] [%emt 00:03:07]} Bb4 {[%clk 00:57:53] [%emt 00:06:41]} 16.
O-O {[%clk 01:10:39] [%emt 00:01:26]} Bxc3 {[%clk 00:53:12] [%emt 00:05:11]} 17.
bxc3 {[%clk 01:10:56] [%emt 00:00:13]} Be6 {[%clk 00:53:32] [%emt 00:00:10]} 18.
Qd4 {[%clk 01:09:25] [%emt 00:02:01]} c5 {[%clk 00:49:14] [%emt 00:04:48]} 19.
Qe5 {[%clk 01:09:19] [%emt 00:00:36]} Re8 {[%clk 00:42:38] [%emt 00:07:05]} 20.
Nd2 {[%clk 01:02:11] [%emt 00:07:37]} Bd7 {[%clk 00:40:46] [%emt 00:02:23]} 21.
Qxe7 {[%clk 00:59:40] [%emt 00:03:01]} Rxe7 {[%clk 00:40:52] [%emt 00:00:24]}
22. Rd1 {[%clk 00:56:12] [%emt 00:03:58]} Ba4 {[%clk 00:38:10] [%emt 00:03:13]}
23. Nb3 {[%clk 00:54:27] [%emt 00:02:14]} h6 {[%clk 00:30:18] [%emt 00:08:22]}
24. Rd8+ {[%clk 00:53:22] [%emt 00:01:35]} Kh7 {[%clk 00:29:37] [%emt 00:01:11]}
25. g4 {[%clk 00:36:31] [%emt 00:17:21]} b6 {[%clk 00:20:56] [%emt 00:09:12]}
26. Nd2 {[%clk 00:33:12] [%emt 00:03:48]} g5 {[%clk 00:17:13] [%emt 00:04:14]}
27. Bd6 {[%clk 00:32:48] [%emt 00:00:54]} Re6 {[%clk 00:17:04] [%emt 00:00:39]}
28. Nf1 {[%clk 00:30:15] [%emt 00:03:03]} h5 {[%clk 00:17:14] [%emt 00:00:20]}
29. Ne3 {[%clk 00:28:51] [%emt 00:01:53]} hxg4 {[%clk 00:17:11] [%emt 00:00:34]}
30. hxg4 {[%clk 00:28:45] [%emt 00:00:35]} Kg6 {[%clk 00:16:48] [%emt 00:00:53]}
31. Nd5 {[%clk 00:22:24] [%emt 00:06:51]} Ne8 {[%clk 00:10:46] [%emt 00:06:32]}
32. Bg3 {[%clk 00:21:12] [%emt 00:01:41]} Bc6 {[%clk 00:09:58] [%emt 00:01:19]}
33. f4 {[%clk 00:18:07] [%emt 00:03:34]} exf3 {[%clk 00:09:27] [%emt 00:01:01]}
34. exf3 {[%clk 00:18:32] [%emt 00:00:05]} Kg7 {[%clk 00:04:54] [%emt 00:05:03]}
35. Bf1 {[%clk 00:17:56] [%emt 00:01:05]} Nf6 {[%clk 00:01:28] [%emt 00:03:57]}
36. Bd3 {[%clk 00:09:31] [%emt 00:08:55]} Re8 {[%clk 00:01:51] [%emt 00:00:07]}
37. Rxe8 {[%clk 00:07:45] [%emt 00:02:16]} Nxe8 {[%clk 00:02:20] [%emt
00:00:01]} 38. Bf5 {[%clk 00:06:04] [%emt 00:02:12]} Bb7 {[%clk 00:01:15] [%emt
00:01:35]} 39. Kf2 {[%clk 00:04:06] [%emt 00:02:27]} Kf8 {[%clk 00:01:24] [%emt
00:00:21]} 40. Bd3 {[%clk 00:01:51] [%emt 00:02:44]} f6 {[%clk 00:00:42] [%emt
00:01:13]} 41. Ke2 {[%clk 00:01:21] [%emt 00:01:00]} Kf7 {[%clk 00:00:32] [%emt
00:00:40]} 42. Bh2 {[%clk 00:48:22] [%emt 00:03:28]} Ba8 {[%clk 00:41:54] [%emt
00:09:09]} 43. Ke3 {[%clk 00:43:36] [%emt 00:05:16]} Bb7 {[%clk 00:41:21] [%emt
00:01:03]} 44. a3 {[%clk 00:23:51] [%emt 00:20:15]} Ba8 {[%clk 00:40:14] [%emt
00:01:37]} 45. f4 {[%clk 00:18:11] [%emt 00:06:10]} gxf4+ {[%clk 00:37:42] [%emt
00:03:01]} 46. Bxf4 {[%clk 00:18:29] [%emt 00:00:11]} Bb7 {[%clk 00:35:19] [%emt
00:02:54]} 47. Be4 {[%clk 00:14:47] [%emt 00:04:12]} Bxd5 {[%clk 00:30:24] [%emt
00:05:26]} 48. cxd5 {[%clk 00:15:07] [%emt 00:00:10]} Ke7 {[%clk 00:30:46] [%emt
00:00:08]} 49. g5 {[%clk 00:14:02] [%emt 00:01:35]} fxg5 {[%clk 00:28:45] [%emt
00:02:31]} 50. Bxg5+ {[%clk 00:14:29] [%emt 00:00:03]} Kd7 {[%clk 00:25:26]
[%emt 00:03:50]} 51. Bf5+ {[%clk 00:14:32] [%emt 00:00:27]} Kc7 {[%clk 00:25:24]
[%emt 00:00:32]} 52. Bf4+ {[%clk 00:14:18] [%emt 00:00:43]} Nd6 {[%clk 00:23:11]
[%emt 00:02:43]} 53. c4 {[%clk 00:13:38] [%emt 00:01:10]} Nb8 {[%clk 00:22:00]
[%emt 00:01:42]} 54. a4 {[%clk 00:11:21] [%emt 00:02:47]} Nd7 {[%clk 00:16:28]
[%emt 00:06:02]} 55. Bxd7 {[%clk 00:08:11] [%emt 00:03:39]} Kxd7 {[%clk
00:16:55] [%emt 00:00:04]} 56. Bxd6 {[%clk 00:08:37] [%emt 00:00:03]} Kxd6
{[%clk 00:17:19] [%emt 00:00:06]} 57. Kf4 {[%clk 00:09:03] [%emt 00:00:05]} a6
{[%clk 00:16:40] [%emt 00:01:09]} 58. Ke4 {[%clk 00:09:27] [%emt 00:00:05]} a5
{[%clk 00:16:57] [%emt 00:00:13]} 59. Kf5 {[%clk 00:02:46] [%emt 00:07:11]} b5
{[%clk 00:17:07] [%emt 00:00:20]} 60. cxb5 {[%clk 00:03:07] [%emt 00:00:09]}
Kxd5 {[%clk 00:17:29] [%emt 00:00:08]} 61. Kf4 {[%clk 00:03:07] [%emt 00:00:30]}
c4 {[%clk 00:17:10] [%emt 00:00:49]} 62. Ke3 {[%clk 00:02:39] [%emt 00:00:57]}
Ke5 {[%clk 00:17:17] [%emt 00:00:22]} 63. Kd2 {[%clk 00:02:24] [%emt 00:00:46]}
Kd6 {[%clk 00:16:57] [%emt 00:00:49]} 64. Kc2 {[%clk 00:02:44] [%emt 00:00:10]}
Kd5 {[%clk 00:17:01] [%emt 00:00:27]} 65. Kd1 {[%clk 00:03:02] [%emt 00:00:12]}
Ke5 {[%clk 00:16:28] [%emt 00:01:03]} 66. Ke2 {[%clk 00:03:06] [%emt 00:00:26]}
Kd5 {[%clk 00:16:14] [%emt 00:00:44]} 67. Kd2 {[%clk 00:02:33] [%emt 00:01:03]}
1/2-1/2

[Site "Europe Echecs"]

[Event "Grand Swiss "]
[Date "2025.09.04"]
[White "Gelfand, Boris"]
[Black "Jobava, Baadur"]
[WhiteElo "2652"]
[BlackElo "2590"]
[Round "1.1.44"]
[Result "1-0"]

1. d4 {[%clk 01:40:57] [%emt 00:00:03]} d5 {[%clk 01:40:11] [%emt 00:00:49]} 2.
c4 {[%clk 01:41:23] [%emt 00:00:04]} Nc6 {[%clk 01:36:00] [%emt 00:04:41]} 3.
Nc3 {[%clk 01:34:36] [%emt 00:07:17]} Nf6 {[%clk 01:27:23] [%emt 00:09:07]} 4.
Nf3 {[%clk 01:31:30] [%emt 00:03:36]} dxc4 {[%clk 00:59:14] [%emt 00:28:40]} 5.
Bg5 {[%clk 01:14:33] [%emt 00:17:27]} h6 {[%clk 00:52:25] [%emt 00:07:19]} 6.
Bh4 {[%clk 01:13:02] [%emt 00:02:01]} e5 {[%clk 00:33:48] [%emt 00:19:07]} 7.
Nxe5 {[%clk 00:59:05] [%emt 00:14:28]} Nxe5 {[%clk 00:20:19] [%emt 00:13:58]} 8.
dxe5 {[%clk 00:58:23] [%emt 00:01:11]} g5 {[%clk 00:11:47] [%emt 00:09:02]} 9.
Qxd8+ {[%clk 00:46:33] [%emt 00:12:21]} Kxd8 {[%clk 00:12:12] [%emt 00:00:05]}
10. Bg3 {[%clk 00:46:58] [%emt 00:00:05]} Nd7 {[%clk 00:09:21] [%emt 00:03:22]}
11. O-O-O {[%clk 00:44:37] [%emt 00:02:51]} c6 {[%clk 00:05:38] [%emt 00:04:13]}
12. e3 {[%clk 00:39:16] [%emt 00:05:51]} b5 {[%clk 00:06:03] [%emt 00:00:05]}
13. Be2 {[%clk 00:38:26] [%emt 00:01:21]} a6 {[%clk 00:02:42] [%emt 00:03:51]}
14. Bf3 {[%clk 00:30:57] [%emt 00:07:59]} Bb7 {[%clk 00:03:06] [%emt 00:00:05]}
15. Bg4 {[%clk 00:31:14] [%emt 00:00:13]} Bc8 {[%clk 00:03:32] [%emt 00:00:04]}
16. Ne4 {[%clk 00:30:59] [%emt 00:00:45]} Ra7 {[%clk 00:00:51] [%emt 00:03:12]}
17. h4 {[%clk 00:27:20] [%emt 00:04:09]} gxh4 {[%clk 00:01:05] [%emt 00:00:16]}
18. Rxh4 {[%clk 00:27:09] [%emt 00:00:41]} Be7 {[%clk 00:00:38] [%emt 00:00:56]}
19. Rh5 {[%clk 00:26:28] [%emt 00:01:11]} Rg8 {[%clk 00:00:35] [%emt 00:00:34]}
20. Bf5 {[%clk 00:26:12] [%emt 00:00:46]} Ke8 {[%clk 00:00:37] [%emt 00:00:28]}
21. Nd6+ {[%clk 00:22:05] [%emt 00:04:37]} Bxd6 {[%clk 00:01:01] [%emt
00:00:06]} 22. Rxd6 {[%clk 00:22:33] [%emt 00:00:02]} Rc7 {[%clk 00:00:57] [%emt
00:00:34]} 23. e6 {[%clk 00:15:53] [%emt 00:07:11]} 1-0

[Site "Europe Echecs"]